Popcorners Flavors Quiz - Statistics

General Stats
  • This quiz has been taken 10 times
  • The average score is 3 of 6
Answer Stats
Answer Color % Correct
Kettle Corn Red
60%
Sea Salt Green
60%
Spicy Queso Orange
40%
Sweet Chili Slightly more red than pink
40%
White Cheddar Blue
40%
Cinnamon Crunch Purple
20%
No matching quizzes found
Score Distribution
Percent of People with Each Score
Percentile by Number Answered
Your Score History
You have not taken this quiz